| 000 | 00446nam a2200181Ia 4500 | ||
|---|---|---|---|
| 008 | 170918s9999 xx 000 0 und d | ||
| 020 | _a9780345525192 | ||
| 050 | _bR539 2010 | ||
| 100 | _aRickman, Amy | ||
| 245 | _aGleeful! / | ||
| 245 | _cby Amy Rickman. | ||
| 260 | _aNew York : | ||
| 260 | _bVillard Trade Paperbacks, | ||
| 260 | _c2010 | ||
| 300 | _axiv, 217 pages : | ||
| 300 | _billustrations (some colored) ; | ||
| 300 | _c20cm. | ||
| 999 |
_c344264 _d344264 |
||